000 00676nam a2200193 a 4500
008 120416s1991 ||||||||||||||||| || u
020 _a0070050716
050 _aHF 5415.157 Ber
100 _aBerry, Thomas H
245 1 0 _aManaging the total quality transformation
260 _aNew York :
_bMcGraw-Hill
_c1991
300 _axxi, 223p. : ill.
350 _a0.00
650 _aQuality of products
650 _aQuality circles
650 _aTOTAL QUALITY MANAGEMENT--UNITED STATES
650 0 _aMANAGEMENT
995 _D0.00
_FCBU-MAIN LIBRARY (Kitwe)
_H1
_I24.95
_M1
_UAVAILABLE
_ZMain Library Open Access Collection
999 _c50239
_d50239